Aký je súčasný systém gréckeho obchodu?
Najväčšie siete supermarketov v Grécku. Hypermarkety s podielom zahraničného kapitálu. Dovozový tovar z ostatných krajín. Malé predajne a ich problémy v konkurencii s nákupnými centrami. Spolupráca Grécka s Európskou úniou. Cenové relácie gréckych potravín.
Enregistré dans:
| Auteur principal: | |
|---|---|
| Format: | Chapitre de livre |
| Langue: | slovaque |
| Sujets: | |
| Tags: |
Pas de tags, Soyez le premier à ajouter un tag!
|
MARC
| LEADER | 00000naa a2200000 4500 | ||
|---|---|---|---|
| 001 | r034356 | ||
| 005 | 20230929112752.2 | ||
| 041 | 0 | |a slo | |
| 044 | |a SK | ||
| 245 | 1 | 0 | |a Aký je súčasný systém gréckeho obchodu? |c Dagmar Sviteková |
| 520 | |a Najväčšie siete supermarketov v Grécku. Hypermarkety s podielom zahraničného kapitálu. Dovozový tovar z ostatných krajín. Malé predajne a ich problémy v konkurencii s nákupnými centrami. Spolupráca Grécka s Európskou úniou. Cenové relácie gréckych potravín. | ||
| 610 | 2 | 0 | |a obchod |
| 610 | 2 | 0 | |a siete obchodné |
| 610 | 2 | 0 | |a Grécko |
| 610 | 2 | 0 | |a potraviny |
| 610 | 2 | 0 | |a supermarkety |
| 610 | 2 | 0 | |a maloobchod |
| 610 | 2 | 0 | |a ceny |
| 610 | 2 | 0 | |a dotácie |
| 610 | 2 | 0 | |a Európska únia |
| 610 | 2 | 0 | |a strediská nákupné |
| 610 | 2 | 0 | |a kapitál zahraničný |
| 610 | 2 | 0 | |a predajne |
| 100 | 1 | |a Sviteková, Dagmar | |